| 000 | 00354nam a22001457a 4500 | ||
|---|---|---|---|
| 003 | SGT | ||
| 020 | _a9781416028215 | ||
| 082 |
_a617.645 _bP05F |
||
| 100 | _aFRANK A, SCANNAPIECO | ||
| 245 | _aPERIODONTOLOGY: PRESENT AND FUTURE CONCEPTS | ||
| 260 |
_aDELHI _bDCNA ELSEVIER INDIA _c2005 |
||
| 300 | _a250 | ||
| 650 | _aPERIODONTOLOGY | ||
| 942 |
_2ddc _cBK |
||
| 999 |
_c18043 _d18043 |
||